| 000 | 00963nas a2200289 4500 | ||
|---|---|---|---|
| 001 | BR6007911 | ||
| 003 | BR-BrBNA | ||
| 005 | 20231205082038.0 | ||
| 007 | ta | ||
| 008 | 230509b bl.|||p| |||| 00| 00por d | ||
| 040 |
_aBR-BrBNA _bpor _cBiblioteca Nacional de Agricultura |
||
| 041 | _a(Pt) | ||
| 072 | _aF25; F21 | ||
| 100 | 1 | _aVasconcelos, I. | |
| 100 | 1 | _aPaiva, J.B. | |
| 100 | 1 | _aCrisostomo, L.A. | |
| 100 | 1 | _aOliveira, F.J. de | |
| 245 | 1 | _aConfronto entre a inoculacao artificial de rizobios e a adubacao nitrogenada em feijao de corda Vigna sinensis (L)Savi em duas micro regioes homogeneas do Estado do Ceara, Brasil | |
| 650 | _aBIOLOGIA DO SOLO | ||
| 650 | _aFERTILIZANTE NITROGENADO | ||
| 650 | _aFEIJAO DE CORDA | ||
| 650 | _aINOCULACAO ARTIFICIAL | ||
| 650 | _aRHIZOBIUM | ||
| 773 | 0 |
_tCiencia Agronomica (Brazil) _x _g(Dec 1976), v. 6(1-2) p. 105-108 _wBR6007911 |
|
| 909 |
_a202311 _bLúcia _c55 _dLúcia Elande |
||
| 942 |
_2AGRIS _n0 _cANA |
||
| 999 |
_c88799 _d88799 |
||